[Event "Gipuzkoa ch"]
[Site "Donostia - San Sebastian"]
[Date "2012.10.27"]
[Round "2"]
[White "Zubia Aramburu, Mikel"]
[Black "Aranzabal Minguez, Alex"]
[Result "0-1"]
[WhiteElo "1786"]
[BlackElo "1881"]

1.c4 e5 2.Nc3 Nf6 3.d3 Bb4 4.Qc2 h6 5.a3 Bxc3+ 6.Qxc3 d6 7.g3 a5 8.Bg2 Nc6
9.Nf3 O-O 10.O-O Be6 11.d4 exd4 12.Nxd4 Qd7 13.Nxc6 bxc6 14.Bxh6 Bh3 15.
Bf4 Bxg2 16.Kxg2 Ne4 17.Qc2 Rfe8 18.Rac1 a4 19.Be3 Ra5 20.Rcd1 Rh5 21.Rh1 
Qh3+ 22.Kg1 Nxg3 23.fxg3 Rxe3 24.Rd3 Rf5 25.Qd1 Re4 26.Rf3 Rxc4 27.Kf2 Rd5
28.Qf1 Qxf1+ 29.Rxf1 Rd2 30.Ke3 Rcc2 31.Rxf7 Rxe2+ 32.Kd3 Rxh2 33.Rxc7 
Rxb2 34.Rff7 Rb3+ 35.Ke4 Rxg3 36.Rfd7 d5+ 37.Kf4 Rg6 38.Rd8+ Kh7 39.Rcc8 
Rf6+ 40.Kg3 Ra2 41.Kg4 Kg6 42.Rd7 Rg2+ 43.Kh3 Rg1 44.Rcc7 Kf5 45.Ra7 Rh6# 
0-1

[Event "Gipuzkoa ch"]
[Site "Donostia - San Sebastian"]
[Date "2012.11.03"]
[Round "3"]
[White "Segovia Sanchez, Antonio"]
[Black "Argandona Riveiro, Inigo"]
[Result "0-1"]
[WhiteElo "2004"]
[BlackElo "2402"]

1.d4 g6 2.Bf4 Bg7 3.e3 f5 4.Nf3 Nf6 5.h3 d6 6.c4 O-O 7.Nc3 Kh8 8.Qc2 Nc6 
9.Be2 a6 10.g4 Qe8 11.g5 Nh5 12.Nd5 Qd8 13.O-O-O e6 14.Nc3 b5 15.Rhg1 b4 
16.Na4 Qe8 17.Bh2 Bd7 18.b3 f4 19.h4 e5 20.d5 fxe3 21.fxe3 Ne7 22.Nb2 Nf5 
23.Qd2 e4 24.Ne1 Bc3 0-1

[Event "Gipuzkoa ch"]
[Site "Donostia - San Sebastian"]
[Date "2012.11.03"]
[Round "3"]
[White "Galarza Cenzano, Inigo"]
[Black "Ros Eskisabel, Jose Ramon"]
[Result "1-0"]
[WhiteElo "2000"]
[BlackElo "2103"]

1.e4 e6 2.d3 d5 3.Nd2 Nf6 4.Ngf3 Nc6 5.Be2 g6 6.O-O Bg7 7.c3 a5 8.a4 O-O 
9.Qc2 e5 10.Rd1 Re8 11.Nf1 h6 12.Ne3 Be6 13.Nd2 Kh7 14.Nb3 b6 15.Bf3 Qd7 
16.exd5 Nxd5 17.d4 exd4 18.Nxd5 Bxd5 19.Bxd5 Qxd5 20.Be3 Qc4 21.Nxd4 Ne5 
22.b3 Qa6 23.Nb5 Re7 24.Bf4 Rae8 25.h3 Qb7 26.Nd4 Qc8 27.Re1 c5 28.Ne2 Qa6
29.Be3 f5 30.Red1 Kh8 31.Rd6 Re6 32.Rad1 Kh7 33.Nf4 Rf6 34.Rxf6 Bxf6 35.
Rd6 Be7 36.Re6 1-0

[Event "Gipuzkoa ch"]
[Site "Donostia - San Sebastian"]
[Date "2012.11.03"]
[Round "3"]
[White "Izagirre Alsua, Aritz"]
[Black "Ezpeleta Pradera, Juan Francis"]
[Result "0-1"]
[WhiteElo "1835"]
[BlackElo "2075"]

1.e4 c5 2.Nc3 e6 3.d3 d5 4.Bd2 Nc6 5.f4 a6 6.Nf3 Nge7 7.Ne2 b5 8.g4 Bb7 9.
Ng3 Qc7 10.Bg2 dxe4 11.dxe4 O-O-O 12.c3 Ng6 13.Qc1 Be7 14.O-O Rxd2 15.Qxd2
Nxf4 16.Ne2 Nxg2 17.Kxg2 h5 18.g5 Ne5 19.Qf4 Bd6 20.Nxe5 Bxe5 21.Qh4 f5 
22.gxf6 gxf6 23.Ng3 f5 24.Kh3 f4 0-1

[Event "Gipuzkoa ch"]
[Site "Donostia - San Sebastian"]
[Date "2012.11.03"]
[Round "3"]
[White "Guijarro Galan, Jose Luis"]
[Black "Rodriguez Cabrera, Fco. Javier"]
[Result "1-0"]
[WhiteElo "2121"]
[BlackElo "1945"]

1.e4 d5 2.Nc3 d4 3.Nce2 e5 4.d3 Nc6 5.g3 Nf6 6.Bg2 Bg4 7.h3 Be6 8.f4 Bc5 
9.Nf3 exf4 10.gxf4 Qe7 11.Ng3 O-O-O 12.O-O g6 13.a3 a5 14.b4 axb4 15.axb4 
Nxb4 16.f5 gxf5 17.exf5 Bd5 18.Re1 Qf8 19.Ra8+ Kd7 20.Ne5+ Kd6 21.Rxd8+ 
Qxd8 22.Bxd5 Kxd5 23.Qf3+ 1-0

[Event "Gipuzkoa ch"]
[Site "Donostia - San Sebastian"]
[Date "2012.11.03"]
[Round "3"]
[White "Etxagibel Larranaga, Asier"]
[Black "Sanchez Ruesga, Hector"]
[Result "1/2-1/2"]
[WhiteElo "2077"]
[BlackElo "1965"]

1.e4 c5 2.c3 d5 3.exd5 Qxd5 4.d4 Nf6 5.Nf3 e6 6.a3 Be7 7.Be3 b6 8.Nbd2 
Nbd7 9.Bc4 Qc6 10.O-O Bb7 11.a4 a6 12.Qe2 Bd6 13.Rfc1 O-O 14.Qf1 Nd5 15.
Bg5 h6 16.Bh4 f5 17.h3 g5 18.Bg3 Bxg3 19.fxg3 g4 20.hxg4 1/2-1/2

[Event "Gipuzkoa ch"]
[Site "Donostia - San Sebastian"]
[Date "2012.11.03"]
[Round "3"]
[White "Manso Marquez, Felix"]
[Black "Navascues Zabaleta, Jesus"]
[Result "1-0"]
[WhiteElo "2063"]
[BlackElo "1769"]

1.d4 Nf6 2.c4 g6 3.Nc3 Bg7 4.e4 d6 5.Be2 O-O 6.Bg5 h6 7.Be3 b6 8.Qd2 Kh7 
9.h3 Bb7 10.Bd3 e5 11.d5 Na6 12.Nge2 Nc5 13.g4 Re8 14.Ng3 a5 15.Be2 Qd7 
16.O-O-O Rad8 17.g5 Ng8 18.Bg4 Qe7 19.Nf5 Qf8 20.Nxg7 Qxg7 21.gxh6 Nxh6 
22.f4 f6 23.f5 Rh8 24.fxg6+ Kg8 25.Be6+ Nxe6 26.dxe6 Kf8 27.Rdf1 Ke7 28.
Nd5+ Bxd5 29.cxd5 Qxg6 30.Rhg1 Qh7 31.Rxf6 Kxf6 32.Bg5+ Kg7 1-0

[Event "Gipuzkoa ch"]
[Site "Donostia - San Sebastian"]
[Date "2012.11.03"]
[Round "3"]
[White "Uriarte Prieto, Goyo"]
[Black "Nogues Fernandez, Ramon"]
[Result "1/2-1/2"]
[WhiteElo "2032"]
[BlackElo "1903"]

1.e4 c5 2.c3 d6 3.d4 Nf6 4.Bd3 Qc7 5.Nf3 g6 6.h3 Bg7 7.O-O O-O 8.Be3 b6 9.
Qd2 Nbd7 10.Bh6 e5 11.Bxg7 Kxg7 12.Na3 Bb7 13.Rfe1 Rae8 14.d5 a6 15.c4 Nh5
16.g3 Bc8 17.Nc2 Ndf6 18.Kh2 h6 19.Ne3 Nh7 20.Nh4 Ng5 21.Ng4 Bxg4 22.hxg4 
Nf6 23.f3 Qd8 24.Kg2 Nd7 25.Rh1 Rh8 26.Rae1 f6 27.f4 Nf7 28.f5 g5 29.Nf3 
1/2-1/2

[Event "Gipuzkoa ch"]
[Site "Donostia - San Sebastian"]
[Date "2012.11.03"]
[Round "3"]
[White "Lakunza Oyarbide, Juan Carlos"]
[Black "Carrascal Rosal, Alberto"]
[Result "1-0"]
[WhiteElo "2119"]
[BlackElo "1875"]

1.d4 Nf6 2.Nf3 e6 3.g3 d5 4.Bg2 Be7 5.O-O O-O 6.c4 c6 7.Nc3 b6 8.b3 Nbd7 
9.Bf4 Bb7 10.Qc2 Rc8 11.Rad1 Nh5 12.Bc1 Nhf6 13.Bb2 h6 14.a3 a6 15.Rfe1 
Qc7 16.e4 dxe4 17.Nxe4 Nxe4 18.Qxe4 Nf6 19.Qe2 Rfe8 20.b4 c5 21.dxc5 bxc5 
22.Be5 Qb6 23.Rb1 Ba8 24.b5 Red8 25.a4 Rd7 26.Qc2 Rcd8 27.a5 Qb7 28.b6 Ne8
29.Red1 Bf6 30.Ne1 Qc8 31.Bxf6 Nxf6 32.b7 Bxb7 33.Bxb7 Qc7 34.Bxa6 Qxa5 
35.Bb5 Rd2 36.Qb3 Ne4 37.Rxd2 Nxd2 38.Qc2 Nxb1 39.Qxb1 Qd2 40.Qe4 Qc1 41.
Kg2 Rd1 42.Nd3 Rg1+ 43.Kf3 Qf1 44.h4 Qg2+ 45.Ke3 Qf1 46.Qa8+ Kh7 47.Qf3 
Qb1 48.Qe2 f5 49.Kf3 e5 50.Nxe5 Rd1 51.Kg2 Rg1+ 52.Kf3 Rd1 53.Bc6 Rd4 54.
Kg2 Qc1 55.Bd5 Rd2 56.Qf3 Rd4 57.Qxf5+ Kh8 58.Qf8+ Kh7 59.Qg8# 1-0

[Event "Gipuzkoa ch"]
[Site "Donostia - San Sebastian"]
[Date "2012.11.03"]
[Round "3"]
[White "Garro Beraza, Julen"]
[Black "Cantabrana Garona, Alejandro"]
[Result "1-0"]
[WhiteElo "1972"]
[BlackElo "1818"]

1.e4 c5 2.Nf3 e6 3.d4 cxd4 4.Nxd4 a6 5.Nc3 Qc7 6.Be2 b5 7.Be3 Bb4 8.O-O 
Bxc3 9.bxc3 Nf6 10.Qd3 Bb7 11.Bf3 Nc6 12.Nxc6 Bxc6 13.Bd4 Rc8 14.Rfe1 e5 
15.Bc5 Bxe4 16.Bd6 Qxc3 17.Bxe4 Nxe4 18.Qxe4 f6 19.f4 Qxc2 20.Qxc2 Rxc2 
21.Rac1 Rc6 22.fxe5 f5 23.Rxc6 dxc6 24.e6 Kd8 25.Kf2 Re8 26.Kf3 Kc8 27.Kf4
g6 28.Ke5 Kb7 29.e7 Kb6 30.Rc1 a5 1-0

[Event "Gipuzkoa ch"]
[Site "Donostia - San Sebastian"]
[Date "2012.11.03"]
[Round "3"]
[White "Orube Bona, Andoni"]
[Black "Fernandez Zubitur, Jokin"]
[Result "1/2-1/2"]
[WhiteElo "1791"]
[BlackElo "1961"]

1.d4 Nf6 2.c4 e6 3.g3 Bb4+ 4.Bd2 Qe7 5.Bg2 O-O 6.Nf3 d5 7.O-O Bxd2 8.Nbxd2
b6 9.cxd5 exd5 10.Ne5 Nbd7 11.Nc6 Qe6 12.Rc1 Bb7 13.Qc2 Rfe8 14.Rfe1 h5 
15.e4 h4 16.exd5 Qxe1+ 17.Rxe1 Rxe1+ 18.Nf1 Ba6 19.Nb4 Bxf1 20.Bxf1 Rae8 
21.Nd3 R8e2 22.Qxc7 Ra1 23.Kg2 Rd2 24.Ne5 Nxe5 25.dxe5 Nxd5 26.Qd8+ Kh7 
27.Qxh4+ Kg8 1/2-1/2

[Event "Gipuzkoa ch"]
[Site "Donostia - San Sebastian"]
[Date "2012.11.03"]
[Round "3"]
[White "Irure Crespo, Egoitz"]
[Black "Mendia Rezola, Jokin"]
[Result "1-0"]
[WhiteElo "1953"]
[BlackElo "1706"]

1.e4 e5 2.Nc3 Nc6 3.f4 d6 4.Nf3 exf4 5.d4 g5 6.Bc4 g4 7.Bxf4 gxf3 8.Qxf3 
Nxd4 9.Bxf7+ Kxf7 10.Qh5+ Kg7 11.O-O Be6 12.Rad1 c5 13.Rd3 Qf6 14.Rg3+ Qg6
15.e5 Nf5 16.Rxg6+ hxg6 17.Qf3 Rb8 18.exd6 Bxd6 19.Nb5 Bxf4 20.Qxf4 Nge7 
21.Qe5+ Kf7 22.Nd6+ Kg8 23.Qxe6+ Kg7 24.Qf7+ Kh6 25.Rf3 Rhf8 26.Qe6 Rbd8 
27.Nf7+ Rxf7 28.Qxf7 Rd1+ 29.Kf2 Rd2+ 30.Ke1 Rxc2 31.g4 1-0

[Event "Gipuzkoa ch"]
[Site "Donostia - San Sebastian"]
[Date "2012.11.03"]
[Round "3"]
[White "Olabe Odriozola, Eduardo"]
[Black "Goni Garmendia, Aitor"]
[Result "1-0"]
[WhiteElo "1939"]
[BlackElo "1780"]

1.e4 c5 2.Nc3 d6 3.Bc4 Nf6 4.d3 g6 5.Bg5 Bg7 6.f4 O-O 7.Nge2 Nc6 8.O-O Kh8
9.Qd2 Na5 10.Rad1 Bg4 11.h3 Bd7 12.e5 Ne8 13.Ne4 Bc6 14.Nxd6 Nxd6 15.exd6 
Nxc4 16.dxc4 Qxd6 17.Qe3 Qc7 18.f5 Qe5 19.Qxe5 Bxe5 20.Bxe7 Rfe8 21.f6 
Bxb2 22.c3 Ba3 23.Rb1 b5 24.cxb5 Bd5 25.Nf4 Bc4 26.Rf3 Rxe7 27.fxe7 Re8 
28.Re3 Bxa2 29.Rd1 f5 30.Rd8 Bf7 31.Ne6 c4 32.Nc7 Bc5 33.Rxe8+ Bxe8 34.
Nxe8 Bxe3+ 35.Kf1 Bc5 36.Nd6 1-0

[Event "Gipuzkoa ch"]
[Site "Donostia - San Sebastian"]
[Date "2012.11.03"]
[Round "3"]
[White "Paredes Macarro, Manuel"]
[Black "Ezkerro Hernandez, Pablo"]
[Result "1/2-1/2"]
[WhiteElo "1897"]
[BlackElo "1696"]

1.e4 e6 2.d4 d5 3.Bd3 c5 4.c3 Nc6 5.Ne2 cxd4 6.cxd4 Bb4+ 7.Bd2 Qb6 8.Bxb4 
Nxb4 9.Nbc3 Nxd3+ 10.Qxd3 dxe4 11.Qxe4 Qxb2 12.Rb1 Qa3 13.Nb5 Qa5+ 14.Nec3
Bd7 15.Nd6+ 1/2-1/2

[Event "Gipuzkoa ch"]
[Site "Donostia - San Sebastian"]
[Date "2012.11.03"]
[Round "3"]
[White "Aparicio Mola, Luis"]
[Black "Tung, Siu Hung"]
[Result "0-1"]
[WhiteElo "1530"]
[BlackElo "1895"]

1.d4 d6 2.Nf3 Nf6 3.Bg5 Nbd7 4.Nbd2 c5 5.e3 Qa5 6.c3 b5 7.Bd3 Bb7 8.O-O e6
9.Nb3 Qb6 10.dxc5 dxc5 11.Nbd2 Be7 12.Qe2 a6 13.Rfd1 O-O 14.Bf4 Rac8 15.
Ne5 Rfd8 16.Rac1 Nf8 17.Ndf3 Nd5 18.Bg3 c4 19.Bb1 Nf6 20.a3 Ng6 21.Bxg6 
hxg6 22.Ng5 Rf8 23.Rd4 Rcd8 24.Rxd8 Bxd8 25.Rd1 Bc7 26.f3 Qc5 27.Nd7 Nxd7 
28.Rxd7 Bxg3 29.hxg3 Bc8 30.Rd4 Qxg5 31.Kf2 Bb7 32.Qd1 Qc5 33.Qh1 Qf5 34.
Qh2 Qc2+ 35.Kg1 Qc1+ 36.Kf2 Qxb2+ 37.Kg1 Qb1+ 38.Kf2 g5 39.Qh5 Qf5 40.Rd1 
Qc2+ 41.Ke1 Qxg2 42.e4 Qxg3+ 43.Ke2 Qh4 0-1

[Event "Gipuzkoa ch"]
[Site "Donostia - San Sebastian"]
[Date "2012.11.03"]
[Round "3"]
[White "Aranzabal Minguez, Alex"]
[Black "Parron Luceno, David"]
[Result "1-0"]
[WhiteElo "1881"]
[BlackElo "1580"]

1.d4 d5 2.c4 Nc6 3.Nf3 Nf6 4.Nc3 g6 5.Bg5 Be6 6.c5 Bg7 7.e3 a6 8.Bd3 Bg4 
9.O-O O-O 10.h3 Bxf3 11.Qxf3 Nb4 12.Be2 h6 13.Bxf6 Bxf6 14.g3 Nc6 15.Qxd5 
e6 16.Qxd8 Nxd8 17.Bf3 c6 18.Ne4 Bg7 19.b4 e5 20.Rad1 f5 21.Nd6 e4 22.Be2 
Rf6 23.Bc4+ Kf8 24.a4 Ke7 25.b5 Kd7 26.bxa6 bxa6 27.Rb1 Bf8 28.Nb7 Ra7 29.
Nxd8 Kxd8 30.a5 f4 31.Rb6 f3 32.Rxa6 Rb7 33.Rb6 Ra7 34.a6 1-0

[Event "Gipuzkoa ch"]
[Site "Donostia - San Sebastian"]
[Date "2012.11.03"]
[Round "3"]
[White "Elduayen Echave, Ramon"]
[Black "Mendikute Fierro, Claudio"]
[Result "0-1"]
[WhiteElo "1664"]
[BlackElo "2033"]

1.e4 e6 2.d4 d5 3.Nd2 Be7 4.Bd3 Nf6 5.e5 Nfd7 6.c3 b6 7.Ne2 Ba6 8.Bxa6 
Nxa6 9.Nf3 c5 10.O-O O-O 11.Re1 cxd4 12.cxd4 Nb4 13.a3 Nc6 14.Nf4 Na5 15.
Nd2 Bg5 16.Qg4 Bxf4 17.Qxf4 f6 18.Qg4 f5 19.Qg3 Rf7 20.b4 Nc6 21.Nf3 Nf8 
22.h4 Rc7 23.h5 Qe8 24.h6 Qh5 25.Be3 Ng6 26.Rac1 Rac8 27.Ng5 Nd8 28.Rxc7 
Rxc7 29.hxg7 Rc3 30.Qh2 Qxh2+ 31.Kxh2 Kxg7 32.Rc1 Rxc1 33.Bxc1 b5 34.g3 
Ne7 35.Nf3 Nf7 36.Nd2 Nc6 37.Nb3 Kg6 38.Kg2 Nfd8 39.Be3 Nb7 40.Bd2 Nb8 41.
f3 Nd7 42.Kf2 Nb6 43.Bc1 Nc4 44.Nc5 Nd8 45.Nb3 Nc6 46.Ke2 a5 47.bxa5 N6xa5
48.Nxa5 Nxa5 49.Bd2 Nc6 50.Bb4 Nxd4+ 51.Ke3 Nc6 52.f4 h5 53.Be1 Kf7 54.Kd3
Ke8 55.Bf2 Kd7 56.Bc5 Nd8 57.Kc3 Kc6 58.Kb4 Nf7 59.Bd4 Nh6 60.Kc3 Ng8 61.
Kb4 Ne7 62.Bf2 Nc8 63.Ka5 Ne7 64.Kb4 Ng6 65.Kc3 Nf8 66.Kb4 Nd7 67.Bd4 Nb6 
68.Bf2 Nc4 69.Bd4 Nd2 70.Bf2 Ne4 71.Be1 d4 72.Kb3 Kc5 73.Bb4+ Kd5 74.Be1 
d3 75.Kb4 Kc6 0-1

[Event "Gipuzkoa ch"]
[Site "Donostia - San Sebastian"]
[Date "2012.11.10"]
[Round "4"]
[White "Ezpeleta Pradera, Juan Francis"]
[Black "Guijarro Galan, Jose Luis"]
[Result "0-1"]
[WhiteElo "2075"]
[BlackElo "2121"]

1.e4 c5 2.Nf3 a6 3.c3 e6 4.d4 d5 5.e5 Nc6 6.g3 Nge7 7.Nbd2 Nf5 8.dxc5 Bxc5
9.Nb3 Ba7 10.Bg2 h5 11.h4 Bd7 12.Bf4 Nce7 13.O-O Ng6 14.Qd2 Rc8 15.Nbd4 
Bxd4 16.cxd4 Nxf4 17.Qxf4 Rc2 18.Rfb1 Re2 19.Bh3 Qb6 20.b3 Re4 21.Qg5 Nxd4
22.Nxd4 Qxd4 23.Re1 Rh6 24.Rad1 Rg6 25.Qc1 Rxg3+ 26.Bg2 Rxe1+ 27.Rxe1 Rc3 
28.Qg5 Qg4 29.Qd2 Rc8 30.Re3 Qxh4 31.Rg3 g6 32.Qh6 Qe7 33.Qh8+ Qf8 34.Qf6 
Rc1+ 35.Kh2 Bc6 36.Qf4 Rc2 37.a4 Qg7 38.Bf1 g5 39.Qd4 g4 40.Bd3 Rc1 41.Qf4
Re1 42.Re3 Rxe3 43.Qxe3 h4 44.Kg1 g3 45.f4 Qg4 46.Qa7 Kf8 0-1

[Event "Gipuzkoa ch"]
[Site "Donostia - San Sebastian"]
[Date "2012.11.10"]
[Round "4"]
[White "Ros Eskisabel, Jose Ramon"]
[Black "Manso Marquez, Felix"]
[Result "1-0"]
[WhiteElo "2103"]
[BlackElo "2063"]

1.d4 e6 2.c4 Bb4+ 3.Nc3 c5 4.e3 Nc6 5.d5 Bxc3+ 6.bxc3 Na5 7.e4 d6 8.Bd3 
Ne7 9.Ne2 O-O 10.O-O f5 11.exf5 exd5 12.cxd5 Bxf5 13.c4 Ng6 14.Bxf5 Rxf5 
15.Qc2 Qd7 16.f4 Re8 17.Bb2 Rf7 18.Rf2 b5 19.cxb5 Qxb5 20.Rc1 Ne7 21.Nc3 
Qc4 22.Re1 Ref8 23.Re4 Qa6 24.Qa4 Qb6 25.Nb5 Nxd5 26.g3 Nf6 27.Re6 Nb7 28.
Rd2 Qa5 29.Qxa5 Nxa5 30.Nxd6 Rd7 31.Rc2 c4 32.Bc3 Nb7 33.Nxc4 Rc8 34.Bxf6 
gxf6 35.Ree2 Rd1+ 36.Kg2 Rcd8 37.Ne3 R1d7 38.Ng4 Kf7 39.Kh3 Nd6 40.Rc6 h5 
41.Nf2 Nf5 42.Ne4 Re7 43.Rxf6+ 1-0

[Event "Gipuzkoa ch"]
[Site "Donostia - San Sebastian"]
[Date "2012.11.10"]
[Round "4"]
[White "Olabe Odriozola, Eduardo"]
[Black "Lakunza Oyarbide, Juan Carlos"]
[Result "1/2-1/2"]
[WhiteElo "1939"]
[BlackElo "2119"]

1.e4 e5 2.Nf3 Nc6 3.Bc4 Bc5 4.b4 Bxb4 5.c3 Ba5 6.Qb3 Qf6 7.O-O Bb6 8.d4 
exd4 9.e5 Qg6 10.Qd1 Nge7 11.cxd4 d5 12.exd6 cxd6 13.Re1 Bg4 14.Bb5 O-O 
15.Bb2 Nxd4 16.Bxd4 Bxf3 17.Qxf3 Bxd4 18.Nc3 Qf6 19.Qxf6 Bxf6 20.Rad1 Rfd8
21.Ne4 Kf8 22.Nxd6 Bc3 23.Re3 Nf5 24.Red3 Rxd6 25.Rxd6 Nxd6 26.Rxd6 a6 27.
Ba4 b5 28.Bb3 Ke7 29.Rb6 Ra7 30.Bd5 Ba5 31.Rb7+ Rxb7 32.Bxb7 Kd6 33.Bxa6 
Kc5 34.Bb7 1/2-1/2

[Event "Gipuzkoa ch"]
[Site "Donostia - San Sebastian"]
[Date "2012.11.10"]
[Round "4"]
[White "Nogues Fernandez, Ramon"]
[Black "Etxagibel Larranaga, Asier"]
[Result "0-1"]
[WhiteElo "1903"]
[BlackElo "2077"]

1.Nf3 d5 2.d4 Nf6 3.c4 c6 4.Qc2 e6 5.g3 Be7 6.Bg2 O-O 7.O-O a6 8.Nbd2 Nbd7
9.e4 b6 10.e5 Ne8 11.b3 Bb7 12.Bb2 Rc8 13.Rfd1 Qc7 14.Rac1 Qb8 15.Qd3 Nc7 
16.h4 h6 17.Nf1 c5 18.Ne3 dxc4 19.Nxc4 Nd5 20.Qe2 b5 21.Ncd2 cxd4 22.Bxd4 
Rxc1 23.Rxc1 Rc8 24.Rxc8+ Qxc8 25.Ne4 Qc1+ 26.Kh2 Nb4 27.Bb2 Qb1 28.Ne1 
Bxe4 29.Bxe4 Qxa2 30.f4 Qxb3 31.f5 Nc5 32.Bb1 Na4 0-1

[Event "Gipuzkoa ch"]
[Site "Donostia - San Sebastian"]
[Date "2012.11.10"]
[Round "4"]
[White "Aranzabal Minguez, Alex"]
[Black "Segovia Sanchez, Antonio"]
[Result "1/2-1/2"]
[WhiteElo "1881"]
[BlackElo "2004"]

1.d4 g6 2.Nf3 Bg7 3.c4 c6 4.Bf4 Nf6 5.Nc3 d5 6.e3 O-O 7.c5 b6 8.b4 Bg4 9.
Be2 Bxf3 10.Bxf3 Nfd7 11.O-O bxc5 12.bxc5 e5 13.Bg3 e4 14.Be2 Nxc5 15.Rc1 
Ne6 16.Na4 Qd7 17.Qb3 f5 18.Nc5 Nxc5 19.Rxc5 Rc8 20.Rb1 Bf8 21.Rc2 a5 22.
a4 Bb4 23.Rbc1 Na6 24.f3 Qe6 25.fxe4 fxe4 26.h3 h5 27.Bxa6 Rxa6 28.Rf1 Rf8
29.Rcf2 Raa8 30.Qc2 Rxf2 31.Rxf2 Rf8 32.Rxf8+ Kxf8 33.Qf2+ Qf7 34.Bf4 Qf5 
35.Qh4 Ke8 36.Bc7 Qd7 37.Qf4 Qf5 38.Qh6 Qf7 39.Qh8+ Qf8 40.Qe5+ Kd7 41.Bb8
Bd6 42.Bxd6 Qxd6 43.Qg7+ Kc8 44.Qa7 1/2-1/2

[Event "Gipuzkoa ch"]
[Site "Donostia - San Sebastian"]
[Date "2012.11.10"]
[Round "4"]
[White "Tung, Siu Hung"]
[Black "Garro Beraza, Julen"]
[Result "0-1"]
[WhiteElo "1895"]
[BlackElo "1972"]

1.d4 Nf6 2.Nc3 g6 3.e4 d6 4.Bd3 Bg7 5.Nf3 O-O 6.Be3 c6 7.h3 Nbd7 8.Qd2 e5 
9.Bh6 Re8 10.Bxg7 Kxg7 11.O-O Qc7 12.Rfe1 Nf8 13.Rad1 Ne6 14.dxe5 dxe5 15.
Ne2 Nh5 16.Qc3 f6 17.Bc4 Bd7 18.Nh2 Rad8 19.Ng4 Bc8 20.Qe3 Nhf4 21.c3 Qb6 
22.Qc1 h5 23.Ne3 Ng5 24.Rxd8 Rxd8 25.Nxf4 exf4 26.Nc2 Qc5 27.Bb3 Nxh3+ 28.
gxh3 Qg5+ 29.Kh2 Qh4 30.Kg1 Bxh3 31.Ne3 fxe3 32.Qxe3 Qg4+ 33.Qg3 h4 34.
Qxg4 Bxg4 35.e5 fxe5 36.Rxe5 Kf6 37.Re4 Kg5 38.Kg2 Bf5 39.Re2 Kf4 40.c4 
Bg4 41.Re7 Rd7 42.Re8 h3+ 43.Kg1 Rd2 44.Re7 Bf5 45.c5 Rxb2 46.Rxb7 Be4 47.
Rf7+ Kg5 48.Kh2 Bf5 49.Kg3 Rb1 50.Kh2 Rf1 51.Kg3 Rg1+ 52.Kh2 Rg2+ 53.Kh1 
Rxf2 54.Rh7 Be4+ 55.Kg1 Rg2+ 56.Kf1 h2 0-1

[Event "Gipuzkoa ch"]
[Site "Donostia - San Sebastian"]
[Date "2012.11.10"]
[Round "4"]
[White "Sanchez Ruesga, Hector"]
[Black "Izagirre Alsua, Aritz"]
[Result "1-0"]
[WhiteElo "1965"]
[BlackElo "1835"]

1.d4 d5 2.c4 c6 3.Nf3 Nf6 4.e3 a6 5.a4 h6 6.Qb3 Ra7 7.Bd3 Be6 8.c5 Nbd7 9.
a5 g6 10.Qc2 Bg7 11.h3 Nf8 12.Nc3 Ra8 13.Ne2 Qc7 14.Bd2 Bc8 15.Ne5 N6d7 
16.f4 Nxe5 17.fxe5 Ne6 18.Rf1 Rf8 19.O-O-O Qd7 20.Rf2 Kd8 21.Rdf1 Qe8 22.
Nf4 Nxf4 23.exf4 e6 24.g4 Kc7 25.Qb3 f5 26.exf6 Bxf6 27.Qb4 Qf7 28.f5 g5 
29.fxe6 Qxe6 30.Re2 Qf7 31.Be1 Be6 32.Bg3+ Kc8 33.Qb6 1-0

[Event "Gipuzkoa ch"]
[Site "Donostia - San Sebastian"]
[Date "2012.11.10"]
[Round "4"]
[White "Mendikute Fierro, Claudio"]
[Black "Orube Bona, Andoni"]
[Result "1-0"]
[WhiteElo "2033"]
[BlackElo "1791"]

1.e4 c5 2.c3 Nf6 3.e5 Nd5 4.Nf3 Nc6 5.Bc4 Nb6 6.Bb3 c4 7.Bc2 Qc7 8.Qe2 g5 
9.h3 Bg7 10.Nxg5 Qxe5 11.Qxe5 Nxe5 12.O-O h6 13.Ne4 d5 14.Ng3 O-O 15.Re1 
f5 16.f4 Ng6 17.d4 cxd3 18.Bxd3 e5 19.Nh5 Bh8 20.Bc2 d4 21.fxe5 Nxe5 22.
cxd4 Ng6 23.d5 Bd7 24.Nc3 Kh7 25.Rd1 Rae8 26.Nf4 Rg8 27.Nxg6 Rxg6 28.Bf4 
Nc4 29.Rab1 Ne3 30.Bxe3 Rxe3 31.Re1 Rxh3 32.Re7+ Kg8 33.Rxd7 Bd4+ 34.Kf1 
Rh1+ 35.Ke2 Rxg2+ 36.Kd3 Rh4 37.Ne2 Be5 38.Rg1 Rh3+ 39.Kd2 Bf4+ 40.Ke1 
Rxg1+ 41.Nxg1 Rh1 42.Kf2 Rh2+ 43.Kf3 Bc1 44.Bxf5 Rxb2 45.Be6+ Kf8 46.Ne2 
Bg5 47.Nd4 h5 48.Nf5 Rb1 49.Rf7+ Ke8 50.Nd6+ Kd8 51.Rd7# 1-0

[Event "Gipuzkoa ch"]
[Site "Donostia - San Sebastian"]
[Date "2012.11.10"]
[Round "4"]
[White "Rodriguez Cabrera, Fco. Javier"]
[Black "Uriarte Prieto, Goyo"]
[Result "1/2-1/2"]
[WhiteElo "1945"]
[BlackElo "2032"]

1.e4 e6 2.d4 d5 3.Nc3 Bb4 4.a3 Ba5 5.b4 Bb6 6.e5 Nc6 7.Nf3 f6 8.Bb5 Bd7 9.
O-O a5 10.exf6 Nxf6 11.Bg5 axb4 12.Bxc6 bxc6 13.axb4 Rxa1 14.Qxa1 O-O 15.
Na4 Qa8 16.Nxb6 cxb6 17.Ne5 Qb7 18.Bxf6 gxf6 19.Nxd7 Qxd7 20.Qa6 Qc7 21.
Re1 e5 22.dxe5 fxe5 23.Re3 Rf6 24.Qa1 d4 25.Qa8+ Kf7 26.Rh3 Ke6 27.Qg8+ 
Qf7 28.Qxh7 Rxf2 29.Qd3 Kd6 30.Rh6+ Rf6 31.Rh8 Qg6 32.h4 Qg4 33.c3 Qf4 34.
cxd4 e4 35.Qh3 Rf5 36.Re8 1/2-1/2

[Event "Gipuzkoa ch"]
[Site "Donostia - San Sebastian"]
[Date "2012.11.10"]
[Round "4"]
[White "Fernandez Zubitur, Jokin"]
[Black "Paredes Macarro, Manuel"]
[Result "0-1"]
[WhiteElo "1961"]
[BlackElo "1897"]

1.e4 e5 2.Nf3 d5 3.exd5 e4 4.Qe2 Nf6 5.d3 Qxd5 6.Nc3 Bb4 7.Bd2 Bxc3 8.Bxc3
O-O 9.Nd2 exd3 10.Qxd3 Re8+ 11.Be2 Bf5 12.Qg3 Nh5 13.Qf3 Qxf3 14.Nxf3 Nf4 
15.Nd4 Bxc2 16.Kd2 Nxe2 17.Rae1 Na6 18.Kxc2 Nxd4+ 19.Bxd4 Nb4+ 20.Kb3 Nc6 
21.Be3 f6 22.Bf4 Nd4+ 23.Kc4 Ne6 24.Bg3 Kf7 25.Re3 Rad8 26.Rhe1 c6 27.b4 
Rd2 28.R1e2 Rxe2 29.Rxe2 Rd8 30.a4 Rd5 31.b5 Rd4+ 32.Kc3 Rxa4 33.bxc6 bxc6
34.Rd2 c5 35.Rd7+ Kg6 36.Kb3 Rb4+ 37.Kc3 a5 38.Ra7 a4 39.f3 Nd4 40.Ra5 
Ne2+ 41.Kd3 Nxg3 42.hxg3 Rb2 43.Rxa4 Rxg2 44.Rg4+ Kf7 45.Kc4 h5 46.Rh4 
Rxg3 47.f4 Rg4 48.Rxh5 Rxf4+ 49.Kxc5 Re4 50.Kd5 Re1 0-1

[Event "Gipuzkoa ch"]
[Site "Donostia - San Sebastian"]
[Date "2012.11.10"]
[Round "4"]
[White "Ezkerro Hernandez, Pablo"]
[Black "Salterain Gonzalez, Galder"]
[Result "1-0"]
[WhiteElo "1696"]
[BlackElo "1950"]

1.e4 d6 2.d4 Nf6 3.Nc3 g6 4.Nf3 Bg7 5.Bg5 h6 6.Bh4 O-O 7.Bc4 c6 8.e5 Nh5 
9.O-O d5 10.Bd3 Nf4 11.Re1 Nxd3 12.Qxd3 Na6 13.Ne2 Bf5 14.Qb3 Qd7 15.h3 g5
16.Bg3 b6 17.Bh2 Nc7 18.Nd2 a5 19.g4 Bg6 20.f4 a4 21.Qxb6 Rfb8 22.Qc5 gxf4
23.Nxf4 Rxb2 24.Nxg6 fxg6 25.Rab1 Rxb1 26.Rxb1 Nb5 27.Nf3 Rf8 28.Rf1 h5 
29.Ng5 Rxf1+ 30.Kxf1 hxg4 31.e6 Qe8 32.Be5 gxh3 33.c4 Bxe5 34.dxe5 dxc4 
35.Qxc4 Qd8 36.Qc2 Kg7 37.Nxh3 Qd5 38.Qe2 Nd4 39.Qg4 1-0

[Event "Gipuzkoa ch"]
[Site "Donostia - San Sebastian"]
[Date "2012.11.10"]
[Round "4"]
[White "Carrascal Rosal, Alberto"]
[Black "Navascues Zabaleta, Jesus"]
[Result "1/2-1/2"]
[WhiteElo "1875"]
[BlackElo "1769"]

1.e4 c5 2.Nf3 Nc6 3.d4 cxd4 4.Nxd4 g6 5.g3 Bg7 6.Ne2 Nf6 7.Bg2 d6 8.O-O 
Bg4 9.h3 Be6 10.Nbc3 O-O 11.Re1 Qd7 12.Nf4 Bc4 13.Be3 Rad8 14.Qd2 b6 15.b3
Ba6 16.Rab1 e6 17.Rbd1 Qc7 18.a4 Ne8 19.Nb5 Bxb5 20.axb5 Na5 21.Qd3 Qc3 
22.Ne2 Qxd3 23.Rxd3 Nb7 24.c4 e5 25.Ra1 Na5 26.Bd2 Nb7 27.Bb4 Ra8 28.Nc3 
Nc7 29.Rad1 Rfd8 30.Bxd6 Ne6 31.Rd5 Nxd6 32.Rxd6 Nd4 33.Rxd8+ Rxd8 34.Kf1 
Kf8 35.Ne2 Ne6 36.Rd5 Ke7 37.h4 Nc5 38.b4 Nd3 39.c5 Rxd5 40.exd5 bxc5 41.
bxc5 Nxc5 42.g4 Bf6 43.g5 Bg7 44.Nc3 Kd6 45.Ke2 f5 46.gxf6 Bxf6 1/2-1/2

[Event "Gipuzkoa ch"]
[Site "Donostia - San Sebastian"]
[Date "2012.11.10"]
[Round "4"]
[White "Goni Garmendia, Aitor"]
[Black "Fuente San Sebastian, Ernesto"]
[Result "1-0"]
[WhiteElo "1780"]
[BlackElo "1859"]

1.e4 e5 2.Nf3 d5 3.Nxe5 Bd6 4.Nxf7 Kxf7 5.Qh5+ g6 6.Qxd5+ Be6 7.Qxb7 Nd7 
8.d4 Nb6 9.Qa6 Bb4+ 10.c3 Qxd4 11.cxb4 Qxe4+ 12.Qe2 Qxb4+ 13.Nc3 Re8 14.
Be3 Bc4 15.Qf3+ Nf6 16.Bxc4+ Qxc4 17.O-O-O Re6 18.Bxb6 axb6 19.Rd7+ Re7 
20.Rxe7+ Kxe7 21.Re1+ Kf7 22.Re4 Qf1+ 23.Kc2 Rd8 24.Rf4 Rd6 25.h4 Kg7 26.
g4 Qe1 27.g5 Rd2+ 28.Kb3 Qe6+ 29.Rc4 Nd7 30.Ne4 Qxc4+ 31.Kxc4 Ne5+ 32.Kc3 
Nxf3 33.Nxd2 Nxh4 34.Kd4 Nf5+ 35.Kd5 Ne7+ 36.Ke6 Kf8 37.Ne4 Nf5 38.Kd7 c5 
39.Kc6 Ke7 40.Kxb6 Ke6 41.Kxc5 Ke5 42.Nf6 h5 43.gxh6 Kxf6 44.a4 Nxh6 45.a5
Ng4 46.a6 Nxf2 47.a7 Ne4+ 48.Kc6 g5 49.a8=Q Kf5 50.Qf8+ Ke5 51.Qf3 Nf6 52.
b4 g4 53.Qg3+ Kf5 54.b5 Ne4 55.Qd3 g3 56.b6 Kf4 57.Qf1+ Ke3 58.b7 Nd2 59.
Qg2 1-0